000 01574nam a2200313 a 4500
001 000032184
003 DO-SdBNP
005 20260305073951.0
007 ta
008 110331s1972 dr ad 001 0 spa d
040 _aDO-SdBNP
_bspa
_cBNPHU
082 4 _a972.9304
_bM938d, 1972
_222
100 1 _aMoya Pons, Frank,
_d1944-
_92095
245 1 3 _aLa dominación haitiana :
_b1822-1844 /
_cFrank Moya Pons.
250 _a2a. ed.
260 _aSantiago, República Dominicana :
_bUniversidad Católica Madre y Maestra,
_c1972.
300 _a219 p. :
_bil., tabls. ;
_c20 cm.
490 0 _aEstudios
_v14
500 _aIncluye índice de nombres, lugares y materias.
500 _aIncluye notas al final de los capítulos
504 _aIncluye bibliografía y notas al final de capítulos.
504 _aBibliografía: p. 201-206.
505 0 _gPrefacio --
_tLa invasión de Boyer (1820-1822) --
_tLa cuestión de la tierra (1822-1825) --
_tDeuda pública, crisis económica y oposición política (1826-1834) --
_tLa caída de Boyer: conspiración y reforma (1834-1843) --
_tEl fin de la dominación haitiana (1843-1844) --
_gApéndices: Proclama al Pueblo de Juan Pedro Boyer, Presidente de Haití, 9 de febrero de 1822 --
_gBibliografía --
_gÍndice de nombres, lugares y materias.
590 _aInventariado, 2020/YL
651 4 _aRepública Dominicana
_xHistoria
_yOcupación haitiana, 1822-1844
_97666
651 4 _aRepública Dominicana
_xPolítica y gobierno
_yOcupación haitiana, 1822-1844
_954469
910 _aValidado. Control de calidad EMS
942 _2ddc
_cLBS1
999 _c31675
_d31675